00718nam a2200253Ia 4500008004100000020001500041050000800056050001500064100003000079245004000109245003000149250002000179260002300199260002300222260000900245300002200254300002100276300001100297650001900308650001500327700003300342700003100375700005800406160319s9999 xx 000 0 und d a9710866923 a310 bB328s 2004 aBatacan, Ma. Carmelita A. aStatistics for Filipino students /  cMa. Carmelita A. Batacan. aSecond edition. aMandaluyong City : bNational Bookstore c2006 a ix, 168 pages :  billustrations ;  c26 cm. aStatistics --  xTextbooks. aAgcaoili, Zenaida A., author aSalamat, Lorina G., author aSta. Maria, Antonina C., Cabero, Jonathan B., authors